000 00805nam a2200253 a 4500
001 BRCA_5492
005 20190320205113.0
008 020211s1942----enk#######---#000-0#eng-#
041 _aeng
044 _aenk
050 4 _aND653.R4
_b.B67 1942
245 1 0 _aRembrandt
_bselected paintings
_cwith an introduction and notes by Tancred Borenius.
260 _aLondres
_bPhaidon
_c1942
300 _a36 p.
_bil. (algunas a color), 104 láminas
_c35 cm.
500 _aIncluye índice de museos y colecciones
500 _aEjemplar igual a S35
500 _aE168
600 1 4 _aRembrandt Harmenszoon van Rijn
_d1607-1669
_97357
650 1 4 _aPintores holandeses
_vCatálogos
_914035
650 1 4 _aPinturas holandesas
_913737
700 1 _aBorenius, Tancred
_eintr.
_914036
902 _aGFM
942 _2lcc
_cB
999 _c5186
_d5186